'Harry Potter' Themed Trivia Quiz Stats

 Plays Quiz Updated Apr 9, 2018

Challenge
Share
Tweet
Embed
Score 0/15 Timer 05:00
57 Plays Today
Question Answer % Correct
What piece/position was Ron on the giant Wizard's Chessboard in 1992?knight
95.5%
What American automaker manufactured Arthur Weasley's flying, light blue Anglia?Ford
83.7%
Xenophilius Lovegood was the editor of what tabloid & conspiracy theory magazine?The Quibbler
83%
Speakers of what serpent language are almost all descendants of Salazar Slytherin?Parseltongue
81%
Who wrote the books 'The Life and Lies of Albus Dumbledore' and 'Snape: Scoundrel or Saint?'Rita Skeeter
78.2%
What holiday coincided with Nearly Headless Nick's 500th Deathday Party?Halloween
77.9%
After modifying her parents' memory, Hermione made them want to move to what country?Australia
73.2%
Who broke his first television set following the cancellation of his favorite program?Dudley Dursley
71.1%
Question Answer % Correct
What team won the 1994 Quidditch World Cup?Irish National Team
68%
Which film in the series had the lowest worldwide box office gross at approximately $797 m.?Prisoner of Azkaban
67.4%
What wizarding coin is worth the least amount of money?knut
65.9%
What famed historian wrote history books such as 'A History of Magic' and 'Hogwarts: A History'?Bathilda Bagshot
65.6%
Which Hogwarts house ghost is depicted as a cheerful and forgiving man wearing clergyman's garb?The Fat Friar
56.4%
What wizarding band played at the Yule Ball held at Hogwarts in 1994?The Weird Sisters
42.6%
What Hogwarts professor taught Astronomy while Harry was a student?Aurora Sinistra
35.5%

You're not logged in!

Compare scores with friends on all Sporcle quizzes.
OR
Log In

You Might Also Like...

Show Comments

Extras

Top Quizzes Today


Score Distribution

Your Account Isn't Verified!

In order to create a playlist on Sporcle, you need to verify the email address you used during registration. Go to your Sporcle Settings to finish the process.

Report this User

Report this user for behavior that violates our Community Guidelines.

Details: